[Event "Bottom-Half Class Top Section"]
[Site "Farmington Hills, MI"]
[Date "2001.06.09"]
[Round "2"]
[White "Randall, Paul"]
[Black "Skidmore, Jennifer"]
[Result "1-0"]
[WhiteElo "1932"]
[BlackElo "1913"]
[PlyCount "79"]
[EventDate "2001.06.08"]

1. d4 d5 2. Nf3 e6 3. c4 c6 4. e3 Nf6 5. Nc3 Bb4 6. Bd2 Nbd7 7. Qc2 O-O 8. Bd3
Re8 9. O-O e5 10. dxe5 Nxe5 11. Nxe5 Rxe5 12. cxd5 cxd5 13. a3 Bf8 14. Nb5 Bd7
15. Nd4 a6 16. Rac1 Bd6 17. Bf5 Ne4 18. Bxd7 Nxd2 19. Qxd2 Qxd7 20. Rc2 h5 21.
Nf3 Re4 22. Rd1 Rd8 23. Qxd5 Qa4 24. b3 Qe8 25. Qxh5 Re6 26. Rcd2 Rh6 27. Qg5
Rg6 28. Qf5 Rf6 29. Qc2 Rc8 30. Qd3 Qc6 31. b4 Rg6 32. Qd5 Qc7 33. h3 Qe7 34.
Qf5 Rc3 35. Rd3 Rc6 36. Rd4 Rc3 37. Re4 Qd8 38. Nd4 Rxa3 39. Rc1 Bxb4 40. Rc8
1-0

[Event "Bottom-Half Class U1700"]
[Site "Farmington Hills, MI"]
[Date "2001.06.09"]
[Round "2"]
[White "Raban, David"]
[Black "Cooper, Willie"]
[Result "0-1"]
[WhiteElo "1636"]
[BlackElo "1505"]
[PlyCount "53"]
[EventDate "2001.06.09"]

1. d4 d5 2. c4 Nf6 3. cxd5 Qxd5 4. Nc3 Qd8 5. Nf3 g6 6. Bf4 a6 7. h3 Bg7 8. e4
O-O 9. Qd2 b5 10. Bd3 Bb7 11. a3 Nbd7 12. O-O c5 13. Rac1 Rc8 14. d5 c4 15. Bb1
Nc5 16. Nd4 Nfd7 17. Bc2 Ne5 18. Bxe5 Bxe5 19. f4 Bg7 20. b4 cxb3 21. Nxb3 Bxc3
22. Qxc3 Nxe4 23. Qf3 Qb6+ 24. Kh1 Nf6 25. f5 Bxd5 26. Qg3 Be4 27. Bd3 0-1

[Event "Bottom-Half Class U1900"]
[Site "Farmington Hills, MI"]
[Date "2001.06.09"]
[Round "3"]
[White "Morris, Jewell"]
[Black "Jendras, Gerard"]
[Result "0-1"]
[WhiteElo "1852"]
[BlackElo "1836"]
[PlyCount "70"]
[EventDate "2001.06.09"]

1. d4 Nf6 2. c4 c5 3. d5 b5 4. cxb5 a6 5. Nc3 axb5 6. Nxb5 Qa5+ 7. Nc3 Bb7 8.
Bd2 Qb6 9. e4 g6 10. Bb5 Bg7 11. Qb3 O-O 12. Nf3 d6 13. O-O Nbd7 14. Bg5 h6 15.
Na4 Rxa4 16. Qxa4 Ra8 17. Qc4 hxg5 18. Nxg5 Ne5 19. Qe2 Bc8 20. a4 Bh6 21. h4
Kg7 22. f4 c4+ 23. Kh1 Bg4 24. Qc2 Nd3 25. Bxc4 Nxf4 26. Rxf4 Bxg5 27. Rxg4
Nxg4 28. g3 Rh8 29. a5 Qa7 30. Qe2 Bxh4 31. Kg2 Ne3+ 32. Kf3 Bg5 33. Bd3 Qd7
34. Qe1 Qg4+ 35. Kf2 Rh2+ 0-1

[Event "Bottom-Half Class U1900"]
[Site "Farmington Hills, MI"]
[Date "2001.06.09"]
[Round "2"]
[White "Jendras, Gerard"]
[Black "Nikolovski, Oliver"]
[Result "1/2-1/2"]
[WhiteElo "1836"]
[BlackElo "1876"]
[PlyCount "65"]
[EventDate "2001.06.09"]

1. e4 e5 2. Nf3 f5 3. Nxe5 Nc6 4. d4 fxe4 5. Nxc6 bxc6 6. Qh5+ Ke7 7. Nc3 Nf6
8. Bg5 d5 9. O-O-O Be6 10. f3 Kd7 11. Bxf6 Qxf6 12. fxe4 Qf4+ 13. Kb1 Bg4 14.
Qh4 Be7 15. Qe1 Bxd1 16. g3 Bxc2+ 17. Kxc2 Qf7 18. Bh3+ Kd8 19. Rf1 Qh5 20. Be6
Qg6 21. Bf5 Qd6 22. e5 Qh6 23. h4 Rf8 24. Ne2 g6 25. Bg4 Rxf1 26. Qxf1 Qe3 27.
Qf7 Qe4+ 28. Kd2 Bb4+ 29. Kc1 Qh1+ 30. Kc2 Qe4+ 31. Kc1 Qh1+ 32. Kc2 Qe4+ 33.
Kc1 1/2-1/2

[Event "Bottom-Half Class U1500"]
[Site "Farmington Hills, MI"]
[Date "2001.06.09"]
[Round "2"]
[White "Holden, Anthony"]
[Black "Gross, Benjamin"]
[Result "1-0"]
[WhiteElo "1479"]
[BlackElo "1358"]
[PlyCount "75"]
[EventDate "2001.06.09"]

1. d4 d5 2. e3 Nf6 3. Bd3 e6 4. Nd2 c5 5. c3 Nc6 6. f4 cxd4 7. exd4 Bd6 8. Ndf3
Qc7 9. Ne5 O-O 10. h4 Qa5 11. b4 Nxb4 12. cxb4 Qxb4+ 13. Qd2 Qxd4 14. Bxh7+
Kxh7 15. Qxd4 Ne4 16. g4 b6 17. Bb2 Bc5 18. Qd3 a5 19. Nh3 Ba6 20. Qc2 Rfc8 21.
Qb1 Kg8 22. Rh2 Bb4+ 23. Kd1 Bb5 24. a4 Bf1 25. Ng5 Bc3 26. Nxe4 dxe4 27. Bxc3
e3 28. Qe4 Rd8+ 29. Bd4 e2+ 30. Rxe2 Bxe2+ 31. Kxe2 Rd5 32. f5 Rad8 33. Bxb6
Rd2+ 34. Ke3 R8d5 35. fxe6 f6 36. Rc1 Kf8 37. Ng6+ Kg8 38. Rc8+ 1-0

[Event "Bottom-Half Class U1900"]
[Site "Farmington Hills, MI"]
[Date "2001.06.09"]
[Round "2"]
[White "Herreshoff, Matt"]
[Black "Morris, Jewell"]
[Result "1/2-1/2"]
[WhiteElo "1713"]
[BlackElo "1852"]
[PlyCount "79"]
[EventDate "2001.06.09"]

1. c4 c5 2. g3 Nf6 3. Bg2 Nc6 4. Nc3 d6 5. a3 Be6 6. Nd5 Bxd5 7. cxd5 Ne5 8. b4
b6 9. d4 cxd4 10. Qxd4 Qc7 11. Nf3 Qc4 12. Bb2 Nxf3+ 13. Bxf3 Qxd4 14. Bxd4 Rc8
15. Kd2 g6 16. Bg4 Nxg4 17. Bxh8 f6 18. f4 Nh6 19. Rhc1 Rxc1 20. Rxc1 Kd7 21.
e4 Nf7 22. Bxf6 exf6 23. a4 Be7 24. g4 g5 25. f5 Ne5 26. h3 Bd8 27. Ke3 Bc7 28.
Rc2 a6 29. b5 a5 30. Rc1 Nf7 31. Rc2 Nd8 32. h4 h6 33. hxg5 hxg5 34. Kd4 Nb7
35. Ra2 Nc5 36. Ra3 Kd8 37. Ke3 Nd7 38. Kd4 Ne5 39. Rg3 Ke7 40. Kc3 1/2-1/2

[Event "Bottom-Half Class U1500"]
[Site "Farmington Hills, MI"]
[Date "2001.06.09"]
[Round "2"]
[White "Guilfoyle, Jeff"]
[Black "Saylor, Oliver"]
[Result "1/2-1/2"]
[WhiteElo "1390"]
[BlackElo "1348"]
[PlyCount "71"]
[EventDate "2001.06.09"]

1. d4 d5 2. c4 c6 3. Nc3 Nf6 4. Nf3 e6 5. Bg5 Bb4 6. a3 Be7 7. e3 O-O 8. Bd3 h6
9. Bh4 Nbd7 10. c5 Nh5 11. Bxe7 Qxe7 12. Ne5 Nhf6 13. Nxd7 Nxd7 14. O-O e5 15.
f3 Kh8 16. Qc2 exd4 17. exd4 Qe3+ 18. Kh1 Qxd4 19. b4 Ne5 20. Rad1 Nxd3 21.
Qxd3 Qxd3 22. Rxd3 Bf5 23. Rdd1 Rfe8 24. Kg1 Re3 25. Nb1 Bxb1 26. Rxb1 Rxa3 27.
Rfe1 Kg8 28. Re7 Rb8 29. Rd7 a6 30. Re1 h5 31. Ree7 h4 32. Rxf7 Ra1+ 33. Kf2
Ra2+ 34. Kf1 Ra1+ 35. Kf2 Ra2+ 36. Kf1 1/2-1/2

[Event "Bottom-Half Class U1700"]
[Site "Farmington Hills, MI"]
[Date "2001.06.09"]
[Round "2"]
[White "Goudswaard, Arie"]
[Black "Steen, Harold"]
[Result "0-1"]
[WhiteElo "1600"]
[BlackElo "1642"]
[PlyCount "50"]
[EventDate "2001.06.09"]

1. d4 f5 2. c4 Nf6 3. Nc3 g6 4. Nf3 Bg7 5. Bg5 O-O 6. g3 d6 7. Bg2 Nc6 8. O-O
a6 9. a3 Qe8 10. Bxf6 Bxf6 11. e3 e5 12. Nd5 Bd8 13. Re1 e4 14. Nd2 Ne7 15.
Nf6+ Rxf6 16. d5 g5 17. f3 exf3 18. Nxf3 g4 19. Nd4 Qh5 20. Rf1 Rh6 21. Kf2 Ng6
22. Ke2 Qxh2 23. Rg1 Qxg3 24. Qf1 f4 25. Qf2 f3+ 0-1

[Event "Bottom-Half Class Top Section"]
[Site "Farmington Hills, MI"]
[Date "2001.06.09"]
[Round "2"]
[White "Gabbara, Faris"]
[Black "Walker, Douglas"]
[Result "1/2-1/2"]
[WhiteElo "2068"]
[BlackElo "2024"]
[PlyCount "72"]
[EventDate "2001.06.08"]

1. d4 Nf6 2. Nf3 e6 3. c4 b6 4. Nc3 Bb7 5. e3 Bb4 6. a3 Bxc3+ 7. bxc3 O-O 8.
Bd3 d6 9. Qc2 Nbd7 10. e4 e5 11. d5 Nc5 12. Bg5 h6 13. Bh4 g5 14. Bg3 Nh5 15.
Nd2 Qf6 16. Be2 Nf4 17. Bxf4 exf4 18. f3 Bc8 19. Nb3 Nxb3 20. Qxb3 Bd7 21. O-O
Qe5 22. Rae1 a5 23. Qc2 Rfb8 24. Rb1 f6 25. Rb2 Kg7 26. Qd2 Re8 27. Qd4 h5 28.
h3 Rab8 29. Bd3 Rh8 30. Qxe5 fxe5 31. Kf2 Kf6 32. Be2 Ke7 33. Rbb1 Rbg8 34. Rg1
g4 35. h4 g3+ 36. Ke1 Ra8 1/2-1/2

[Event "Bottom-Half Class U1900"]
[Site "Farmington Hills, MI"]
[Date "2001.06.09"]
[Round "2"]
[White "Ceterski, Tom"]
[Black "Ho, Randy"]
[Result "0-1"]
[WhiteElo "1802"]
[BlackElo "1847"]
[Annotator "Bob Ciaffone"]
[PlyCount "32"]
[EventDate "2001.06.09"]

{Caption, "Fortune Favors The Bold." Diagram after black's 16th move. Blurb;
"Black makes a very speculative piece sacrifice...and is rewarded by winning
in two moves." opening: Pirc Defense} 1. d4 d6 2. e4 Nf6 {This is the Pirc
Defense. American players mispronounce it "perk," instead of the correct
"pierts." (The opening is named after GM Vadja Pirc, not a cup of coffee.)} 3.
Nc3 c6 4. f3 Qb6 {After four moves, we are beyond any line I have ever seen.}
5. Bc4 {Looks reaso nable to me. White intends to mask the b-pawn with his
light-squared bishop and bring the dark-squared one to e3, aiming at the lady.}
Nbd7 6. Bb3 e5 7. Be3 Be7 8. Qd2 Qc7 {So white gains a tempo, and looks to be
a little better.} 9. a3 {To prevent black from gaining the bishop-pair after
exd4 and Nc5.} O-O 10. Nge2 a6 11. g4 {I am a bit uncomfortable about this
aggressive move, intending to castle queenside. That pawn on a3 can be
targeted. In my opinion, if white intended to long castle, he should have
refrained from playing a3.} exd4 12. Nxd4 Ne5 13. Qg2 {Otherwise, black can
play c5 to chase the Nd4 and take on f3.} c5 14. Nde2 Bxg4 $6 {I have the
feeling that this sacrifice of the bishop for two pawns is unsound, but white
makes it look like a genious move.} 15. fxg4 Nfxg4 {Now after 16.Bd2 black
must justify his sac, but...} 16. Qg3 $4 Bh4 $3 {White must take the bishop,
but then Nf3+ wins the queen. Frankly, even if white totally overlooks this
shot, I fail to see why he would get his girl tied down to defending the Be3
when the bishop can simply move away.} 0-1

[Event "Bottom-Half Class U1700"]
[Site "Farmington Hills, MI"]
[Date "2001.06.09"]
[Round "2"]
[White "Ceterski, Ken"]
[Black "Shicoff, Brian"]
[Result "0-1"]
[WhiteElo "1628"]
[BlackElo "1531"]
[PlyCount "91"]
[EventDate "2001.06.09"]

1. d4 f5 2. e4 fxe4 3. Nc3 Nf6 4. f3 exf3 5. Nxf3 e6 6. Bg5 Be7 7. Bd3 Nc6 8.
a3 b6 9. Qe2 Bb7 10. O-O-O Nd5 11. Bxe7 Ncxe7 12. Nxd5 Nxd5 13. Qd2 Qe7 14.
Rhf1 O-O-O 15. Ng5 Nf6 16. Qe2 Rdf8 17. Ne4 h6 18. Ba6 Rf7 19. Bxb7+ Kxb7 20.
Nc3 Rhf8 21. Rf2 c6 22. Rdf1 Qd6 23. Qe5 Qe7 24. h3 Ne8 25. Qe2 Nd6 26. Rxf7
Rxf7 27. Rxf7 Qxf7 28. Kb1 Qf4 29. Qd3 Nf5 30. Ne4 d5 31. Nd2 Qxd4 32. Qe2 Qe3
33. Qxe3 Nxe3 34. g3 Kc7 35. Kc1 e5 36. Nf3 Kd6 37. g4 d4 38. b3 c5 39. Kd2 e4
40. Ng1 g5 41. Ne2 Ke5 42. c3 Nf1+ 43. Ke1 d3 44. Ng1 Ne3 45. Kd2 Kf4 46. b4
0-1

[Event "Bottom-Half Class U1700"]
[Site "Farmington Hills, MI"]
[Date "2001.06.09"]
[Round "3.18"]
[White "Bolda, Dan G"]
[Black "Biache, August"]
[Result "1-0"]
[WhiteElo "1634"]
[BlackElo "1500"]
[PlyCount "108"]
[EventDate "2001.06.09"]

1. c4 Nf6 2. Nc3 g6 3. g3 d6 4. Bg2 Nbd7 5. Nf3 b6 6. O-O Bb7 7. d4 c5 8. d5 e5
9. Bg5 Bg7 10. Nb5 Qb8 11. Qc2 a6 12. Nc3 Nh5 13. Bh3 Qc7 14. Rad1 h6 15. Bd2
O-O-O 16. a3 Rdf8 17. Nh4 Kb8 18. Na2 Bc8 19. b4 Ndf6 20. Bg2 Nh7 21. bxc5 Ng5
22. cxb6 Qb7 23. Nb4 Bh3 24. Nc6+ Ka8 25. Rb1 Bxg2 26. Kxg2 Rc8 27. Rb4 Rxc6
28. dxc6 Qxc6+ 29. f3 e4 30. g4 Nf6 31. Be3 Nd5 32. b7+ Qxb7 33. Bxg5 Nxb4 34.
axb4 hxg5 35. Nxg6 fxg6 36. Qd2 Be5 37. Rh1 exf3+ 38. exf3 Rh3 39. Qe2 Qh7 40.
Kg1 Qb7 41. Kg2 Rh7 42. b5 Re7 43. Qd3 Rf7 44. Rb1 Rf4 45. h3 Rd4 46. Qe2 Qb6
47. Qa2 Bf4 48. Rb2 Rd1 49. c5 Qxc5 50. Qg8+ Kb7 51. bxa6+ Kc6 52. Qa8+ Kd7 53.
Rb7+ Ke6 54. Qe8+ Kd5 1-0

[Event "Bottom-Half Class U1900"]
[Site "Farmington Hills, MI"]
[Date "2001.06.10"]
[Round "4.11"]
[White "West, Tony"]
[Black "Morris, Jewell"]
[Result "1-0"]
[WhiteElo "1740"]
[BlackElo "1852"]
[PlyCount "33"]
[EventDate "2001.06.09"]

1. e4 c5 2. c3 d5 3. exd5 Qxd5 4. d4 e5 5. dxe5 Qxe5+ 6. Be3 b6 7. Nf3 Qe6 8.
Na3 Bb7 9. Bc4 Qe7 10. O-O Nd7 11. Bg5 Ngf6 12. Re1 Be4 13. Bd5 O-O-O 14. Bxe4
Ne5 15. Bf5+ Kb7 16. Qe2 Nxf3+ 17. Qxf3+ 1-0

[Event "Bottom-Half Class Top Section"]
[Site "Farmington Hills, MI"]
[Date "2001.06.10"]
[Round "4.4"]
[White "Walker, Douglas"]
[Black "Randall, Paul"]
[Result "0-1"]
[WhiteElo "2024"]
[BlackElo "1932"]
[PlyCount "92"]
[EventDate "2001.06.08"]

1. e4 c5 2. Nf3 d6 3. d4 cxd4 4. Nxd4 Nf6 5. Nc3 g6 6. Be3 Bg7 7. f3 O-O 8. Qd2
Nc6 9. Bc4 Bd7 10. O-O-O Qa5 11. Kb1 Rfc8 12. Bb3 Ne5 13. h4 b5 14. Nd5 Qxd2
15. Rxd2 Nxd5 16. Bxd5 Nc4 17. Bxc4 bxc4 18. c3 h5 19. g4 hxg4 20. h5 gxh5 21.
Rxh5 gxf3 22. Nf5 Bxf5 23. Rxf5 Be5 24. Rxf3 f6 25. Rg2+ Kf7 26. Rh3 a5 27.
Rh7+ Ke6 28. Rgg7 Rc7 29. Rf7 Rb7 30. Ka1 Rab8 31. a4 d5 32. exd5+ Kxd5 33.
Rxe7 Rxb2 34. Rd7+ Ke4 35. Bd4 R2b3 36. Ka2 Rb2+ 37. Ka1 Re2 38. Rh4+ Kf3 39.
Bxe5 fxe5 40. Rf7+ Ke3 41. Rxc4 Kd3 42. Rc5 Re4 43. Rxa5 Kxc3 44. Rf3+ Kb4 45.
Ra7 Rd8 46. a5 Re1+ {White Resigns} 0-1

[Event "Bottom-Half Class U1900"]
[Site "Farmington Hills, MI"]
[Date "2001.06.10"]
[Round "5.8"]
[White "Vandivier, Don"]
[Black "Jendras, Gerard"]
[Result "1-0"]
[WhiteElo "1874"]
[BlackElo "1836"]
[PlyCount "49"]
[EventDate "2001.06.09"]

1. e4 e5 2. Bc4 Nf6 3. Nf3 Nc6 4. d4 exd4 5. e5 d5 6. Bb5 Ne4 7. Nxd4 Bd7 8.
Bxc6 bxc6 9. O-O Be7 10. f3 Ng5 11. f4 Ne4 12. Be3 c5 13. Nb3 c6 14. Nc3 c4 15.
Nxe4 cxb3 16. Nc5 bxc2 17. Qxc2 O-O 18. f5 Re8 19. Qc3 Qc7 20. Bd4 a5 21. Rae1
Reb8 22. Nxd7 Qxd7 23. e6 Qe8 24. Bxg7 Qd8 25. f6 {Black Resigns} 1-0

[Event "Bottom-Half Class U1500"]
[Site "Farmington Hills, MI"]
[Date "2001.06.10"]
[Round "4.23"]
[White "Van Ryn, Larry"]
[Black "Imai, Toshio"]
[Result "1-0"]
[WhiteElo "1345"]
[BlackElo "1400"]
[PlyCount "53"]
[EventDate "2001.06.09"]

1. d4 Nf6 2. e3 c5 3. c3 cxd4 4. exd4 e6 5. Bd3 Be7 6. Nf3 Qc7 7. O-O b6 8. Be3
Bb7 9. Nbd2 Nd5 10. Ne5 Nf6 11. f4 d6 12. Bb5+ Nbd7 13. Nxd7 Nxd7 14. Qg4 O-O-O
15. Nf3 f5 16. Qxg7 Nf6 17. Bc4 Bd5 18. Bxd5 Nxd5 19. Qh6 Nf6 20. Ng5 Rhg8 21.
Nxe6 Qc6 22. Ng5 Rg6 23. Qh3 h6 24. Qf3 Ne4 25. Nxe4 fxe4 26. Qh3+ Kb8 27. f5 {
Black Resigns} 1-0

[Event "Bottom-Half Class U1300"]
[Site "Farmington Hills, MI"]
[Date "2001.06.10"]
[Round "4.31"]
[White "Taliaferro I, Robert"]
[Black "Ceterski, Martha"]
[Result "1-0"]
[WhiteElo "857"]
[BlackElo "1209"]
[PlyCount "87"]
[EventDate "2001.06.09"]

1. d4 d6 2. c4 Nf6 3. Nc3 Nbd7 4. e4 h6 5. Nf3 c6 6. g3 Qc7 7. Bg2 e5 8. d5 Qb8
9. O-O Be7 10. Nh4 Nf8 11. f4 N6h7 12. Nf3 Bg4 13. h3 Bd7 14. fxe5 dxe5 15. b3
g5 16. g4 Ng6 17. Ne2 Nf4 18. Bb2 Bd6 19. Rc1 O-O 20. c5 Bc7 21. d6 Bd8 22.
Nxe5 Be6 23. Nxf4 gxf4 24. Rc2 Bg5 25. Qd4 f6 26. Ng6 Rf7 27. Nxf4 Bd7 28. Rcf2
Qf8 29. Ng6 Qg7 30. Ne7+ Kh8 31. Nf5 Bxf5 32. Rxf5 Raf8 33. Qc4 Qg6 34. e5 Re8
35. e6 Rg7 36. Be4 Rd8 37. e7 Rb8 38. Qe6 Be3+ 39. Kh1 Ng5 40. Qxf6 Qxf6 41.
Rxf6 Nxe4 42. Rf8+ Rxf8 43. exf8=Q+ Kh7 44. Qxg7# 1-0

[Event "Bottom-Half Class U1700"]
[Site "Farmington Hills, MI"]
[Date "2001.06.10"]
[Round "5.17"]
[White "Steen, Harold"]
[Black "Griffin, John"]
[Result "0-1"]
[WhiteElo "1643"]
[BlackElo "1592"]
[PlyCount "67"]
[EventDate "2001.06.09"]

1. d4 d5 2. Nf3 Nc6 3. e3 Bg4 4. Nbd2 e5 5. dxe5 Nxe5 6. Be2 Nxf3+ 7. Nxf3 Nf6
8. O-O Bd6 9. c4 c6 10. cxd5 Nxd5 11. Bc4 Bxf3 12. Qxf3 Qh4 13. g3 Qxc4 14. Bd2
O-O 15. e4 Nf6 16. Rfe1 Rfe8 17. Rac1 Qb5 18. Bc3 Be5 19. Bxe5 Qxe5 20. Qb3 Qc7
21. f3 Qb6+ 22. Qxb6 axb6 23. a3 Rad8 24. e5 Nd7 25. f4 Nc5 26. Rc2 Rd4 27. Kg2
Red8 28. Ree2 Rd3 29. f5 Nb3 30. e6 fxe6 31. fxe6 Re8 32. Kh3 Rd6 33. Rc3 Nc5
34. e7 {End of scoresheet} 0-1

[Event "Bottom-Half Class U1500"]
[Site "Farmington Hills, MI"]
[Date "2001.06.10"]
[Round "5.24"]
[White "Smith Jr, Patrick"]
[Black "Guilfoyle, Jeff"]
[Result "1/2-1/2"]
[WhiteElo "1355"]
[BlackElo "1390"]
[PlyCount "110"]
[EventDate "2001.06.09"]

1. Nf3 c5 2. g3 Nc6 3. Bg2 Nf6 4. O-O d5 5. d3 e6 6. Nbd2 Be7 7. e4 dxe4 8.
dxe4 e5 9. b3 O-O 10. Bb2 Nd7 11. Nc4 f6 12. Ne3 Nb6 13. a4 Qxd1 14. Rfxd1 a5
15. c3 Bg4 16. Nxg4 c4 17. Nd2 cxb3 18. Nxb3 Nc4 19. Bc1 Rfd8 20. Re1 Rd3 21.
Bf1 Rxc3 22. Nd2 Nb6 23. Nb1 Bb4 24. Rd1 Rb3 25. Ne3 Nd4 26. Kg2 Rc8 27. Nd2
Rbc3 28. Bb2 R3c7 29. Nf3 Nc2 30. Nxc2 Rxc2 31. Ba3 Bxa3 32. Rxa3 R2c7 33. Rb1
Nc4 34. Rab3 Nd6 35. Re1 Kf8 36. Bb5 Rc5 37. Bd7 R8c7 38. Be6 Ke7 39. Bd5 b5
40. axb5 Nxb5 41. Ra1 Nd6 42. Rba3 Ra7 43. Nd2 f5 44. Nb3 Rcc7 45. Nxa5 Kf6 46.
f3 Nb5 47. Rb3 Rc5 48. Rb4 Nd4 49. Rb6+ Kg5 50. h4+ Kh5 51. Kh3 g6 52. g4+
fxg4+ 53. fxg4+ Kh6 54. Nb3 Rc3+ 55. Kg2 Rc2+ 1/2-1/2

[Event "Bottom-Half Class Top Section"]
[Site "Farmington Hills, MI"]
[Date "2001.06.10"]
[Round "5.5"]
[White "Skidmore, Jennifer"]
[Black "Walker, Douglas"]
[Result "1-0"]
[WhiteElo "1913"]
[BlackElo "2024"]
[PlyCount "73"]
[EventDate "2001.06.08"]

1. e4 c5 2. Nc3 d6 3. f4 e6 4. Nge2 a6 5. g3 Nc6 6. Bg2 Nf6 7. O-O g6 8. d3 Bg7
9. a3 O-O 10. h3 d5 11. Qe1 d4 12. Nb1 b5 13. g4 Bb7 14. Ng3 Qd7 15. Nd2 e5 16.
g5 Ne8 17. f5 f6 18. Nf3 Ne7 19. Nh4 fxg5 20. Bxg5 Bf6 21. Qd2 Rf7 22. Bf3 h6
23. Bxf6 Rxf6 24. Kh2 g5 25. Nh5 gxh4 26. Nxf6+ Nxf6 27. Qxh6 Kf7 28. Rg1 Rg8
29. Bh5+ Nxh5 30. Qxh5+ Kf8 31. f6 Ng6 32. Rxg6 Rxg6 33. Qxg6 Bc8 34. Qh6+ Ke8
35. Qxh4 Qc6 36. Rg1 Be6 37. Rg7 {Black Resigns} 1-0

[Event "Bottom-Half Class U1700"]
[Site "Farmington Hills, MI"]
[Date "2001.06.10"]
[Round "4.15"]
[White "Shicoff, Brian"]
[Black "Farmand, Farnood"]
[Result "0-1"]
[WhiteElo "1531"]
[BlackElo "1658"]
[PlyCount "106"]
[EventDate "2001.06.09"]

1. d4 d5 2. c4 e6 3. Nf3 Nf6 4. Bg5 Be7 5. Nc3 Nbd7 6. e3 O-O 7. Be2 b6 8. O-O
Bb7 9. cxd5 Nxd5 10. Nxd5 exd5 11. Bxe7 Qxe7 12. Rc1 Rac8 13. Qa4 a5 14. Rc2 c6
15. Rfc1 Qb4 16. Qxb4 axb4 17. Bd3 Ra8 18. b3 Rfe8 19. Ra1 f6 20. a4 bxa3 21.
Rca2 Kf7 22. Rxa3 g6 23. b4 Rxa3 24. Rxa3 Ra8 25. Rxa8 Bxa8 26. Ba6 Nb8 27. Bc8
Ke7 28. g4 Kd8 29. Be6 Na6 30. g5 fxg5 31. Bg8 h6 32. Ne5 Nxb4 33. Bf7 Ke7 34.
Bxg6 Kf6 35. Be8 Bb7 36. Ng4+ Kg7 37. Ne5 c5 38. dxc5 bxc5 39. Kf1 Ba6+ 40. Ke1
Nd3+ 41. Nxd3 Bxd3 42. f3 Bg6 43. Bc6 Bf7 44. Ke2 Kf6 45. e4 d4 46. Kd3 Ke5 47.
Bb5 Kf4 48. Bc4 Bh5 49. Bb5 Bxf3 50. Kc4 Bxe4 51. Kxc5 d3 52. Kd4 d2 53. Be2
Bc2 {White Resigns} 0-1

[Event "Bottom-Half Class U1700"]
[Site "Farmington Hills, MI"]
[Date "2001.06.10"]
[Round "4.13"]
[White "Schey, Danny"]
[Black "Coulombe, Terry"]
[Result "0-1"]
[WhiteElo "1687"]
[BlackElo "1582"]
[PlyCount "51"]
[EventDate "2001.06.09"]

{Game marked with Star.} 1. c4 Nf6 2. Nc3 e6 3. e4 d6 4. d4 Nbd7 5. f4 e5 6.
fxe5 dxe5 7. dxe5 Nxe5 8. Qxd8+ Kxd8 9. Bf4 Nfd7 10. O-O-O f6 11. Nf3 Nxf3 12.
gxf3 a6 13. Nd5 Bd6 14. Bxd6 cxd6 15. Nf4 Ne5 16. Be2 Kc7 17. Nd5+ Kc6 18. Rhg1
Ng6 19. h4 h5 20. Rxg6 Rh7 21. Rdg1 b5 22. cxb5+ axb5 23. Bxb5+ Kc5 24. a4 f5
25. Rd1 fxe4 26. b4# 0-1

[Event "Bottom-Half Class U1300"]
[Site "Farmington Hills, MI"]
[Date "2001.06.10"]
[Round "5.32"]
[White "Poniatowski, Don"]
[Black "Damask, Ted"]
[Result "1-0"]
[WhiteElo "1194"]
[BlackElo "1103"]
[PlyCount "105"]
[EventDate "2001.06.09"]

1. e4 e5 2. Nf3 Nc6 3. d4 exd4 4. Nxd4 Nf6 5. Nxc6 bxc6 6. e5 Nd5 7. c4 Nb6 8.
Nc3 Bb7 9. Be3 Bb4 10. a3 Bxc3+ 11. bxc3 O-O 12. Qg4 Qe7 13. Qg5 Qxg5 14. Bxg5
Rfe8 15. Be2 Ba6 16. c5 Bxe2 17. cxb6 Rxe5 18. Kd2 Rxg5 19. Kxe2 axb6 20. Rhd1
d5 21. c4 f6 22. cxd5 cxd5 23. Rdc1 c5 24. Rcb1 Re5+ 25. Kd2 Re6 26. Rb5 Kf7
27. a4 Ke7 28. a5 Kd7 29. a6 Kc6 30. Rbb1 b5 31. Ra5 b4 32. Rba1 c4 33. a7 d4
34. Ra6+ Kd5 35. R1a5+ Ke4 36. Rxe6+ Kf4 37. g3+ Kf3 38. Rb6 b3 39. Rb8 c3+ 40.
Kc1 b2+ 41. Kc2 Ke2 42. Rxa8 d3+ 43. Kxc3 b1=Q 44. Re8+ Kd1 45. a8=Q Qc2+ 46.
Kb4 Qb2+ 47. Kc5 Qc3+ 48. Kd6 Qb4+ 49. Ke6 Qb3+ 50. Ke7 d2 51. Ra1+ Kc2 52.
Qe4+ Qd3 53. Rc8+ 1-0

[Event "Bottom-Half Class U1500"]
[Site "Farmington Hills, MI"]
[Date "2001.06.10"]
[Round "4.21"]
[White "Peiris, Eshal"]
[Black "Hollinsworth, Galon"]
[Result "1/2-1/2"]
[WhiteElo "1436"]
[BlackElo "1430"]
[PlyCount "117"]
[EventDate "2001.06.09"]

1. c4 e5 2. Nc3 Bb4 3. g3 Nf6 4. Bg2 O-O 5. Nf3 Re8 6. d3 h6 7. Bd2 c6 8. a3
Bf8 9. O-O d5 10. cxd5 cxd5 11. e3 Nc6 12. d4 e4 13. Ne1 b6 14. f3 Ba6 15. Rf2
Rc8 16. fxe4 dxe4 17. b4 Bb7 18. Nc2 a6 19. Qf1 Rc7 20. b5 Na5 21. bxa6 Bxa6
22. Qxa6 Nb3 23. Rb1 Nxd2 24. Rxd2 Rxc3 25. Rxb6 Nd5 26. Rc6 Qb8 27. Rxc3 Qb1+
28. Qf1 Qxf1+ 29. Kxf1 Nxc3 30. Nb4 Bxb4 31. axb4 Nd5 32. Ke2 Nxb4 33. d5 f5
34. d6 Nd3 35. Bh3 g6 36. Bf1 Rd8 37. Bg2 Rxd6 38. g4 Nc1+ 39. Kd1 Rxd2+ 40.
Kxd2 Nb3+ 41. Kc3 Nc5 42. gxf5 gxf5 43. Bh3 Kg7 44. Bxf5 Kf6 45. Bh7 Ke5 46.
Kd2 Ne6 47. h4 Nf8 48. Bg8 Ng6 49. h5 Nh4 50. Bf7 Kf6 51. Be8 Kf5 52. Kc3 Ke5
53. Kd2 Nf3+ 54. Ke2 Kf5 55. Bg6+ Ke5 56. Be8 Ng5 57. Bg6 Kf6 58. Kf2 Ke6 59.
Ke2 1/2-1/2

[Event "Bottom-Half Class U1500"]
[Site "Farmington Hills, MI"]
[Date "2001.06.10"]
[Round "5.22"]
[White "Peiris, Eshal"]
[Black "Holden, Anthony"]
[Result "1-0"]
[WhiteElo "1436"]
[BlackElo "1479"]
[PlyCount "59"]
[EventDate "2001.06.09"]

1. c4 e5 2. Nc3 Be7 3. g3 f5 4. e3 Nf6 5. Bg2 c6 6. Nf3 d6 7. d3 Be6 8. b3 Na6
9. O-O Ng4 10. h3 Nh6 11. e4 f4 12. gxf4 Qd7 13. f5 Bg8 14. d4 exd4 15. Nxd4 g6
16. Bxh6 Bf6 17. Rc1 O-O-O 18. Nde2 gxf5 19. exf5 Qxf5 20. Ng3 Qa5 21. Qg4+ Kb8
22. Bg7 Be6 23. Qxe6 Bxg7 24. Nce4 Be5 25. Nf5 Nc7 26. Qe7 Rhe8 27. Qxh7 Rh8
28. Qe7 Rhe8 29. Qg5 Ne6 30. Qd2 {Could not figure out beyond this point.} 1-0